SELECTED TALES (Registro nro. 13459)
[ vista simple ]
| 000 -LEADER | |
|---|---|
| fixed length control field | 00437nam a2200169 a 4500 |
| 001 - CONTROL NUMBER | |
| control field | 13459 |
| 005 - DATE AND TIME OF LATEST TRANSACTION | |
| control field | 20180713201834.0 |
| 008 - FIXED-LENGTH DATA ELEMENTS--GENERAL INFORMATION | |
| fixed length control field | 140415s1985 000 0 spa d |
| 041 ## - LANGUAGE CODE | |
| Language code of text/sound track or separate title | spa |
| 082 ## - DEWEY DECIMAL CLASSIFICATION NUMBER | |
| Classification number | 808.83872 |
| Item number | COL |
| 100 1# - MAIN ENTRY--PERSONAL NAME | |
| Personal name | POE, EDGAR ALLAN |
| 245 10 - TITLE STATEMENT | |
| Title | SELECTED TALES |
| 260 ## - PUBLICATION, DISTRIBUTION, ETC. | |
| Place of publication, distribution, etc. | [s.l.] : |
| Name of publisher, distributor, etc. | BANTAM, |
| Date of publication, distribution, etc. | 1985 |
| 300 ## - PHYSICAL DESCRIPTION | |
| Extent | 221 |
| 490 ## - SERIES STATEMENT | |
| Series statement | THE COLLECTION OF MISTERY CLASSICS |
| 650 14 - SUBJECT ADDED ENTRY--TOPICAL TERM | |
| Topical term or geographic name entry element | NOVELA DE MISTERIO |
| Withdrawn status | Lost status | Source of classification or shelving scheme | Damaged status | Not for loan | Collection code | Home library | Current library | Shelving location | Date acquired | Source of acquisition | Inventory number | Total Checkouts | Total Renewals | Full call number | Barcode | Date last seen | Date last checked out | Price effective from | Koha item type |
|---|---|---|---|---|---|---|---|---|---|---|---|---|---|---|---|---|---|---|---|
| Dewey Decimal Classification | General | Biblioteca Karol Wojtyla | Biblioteca Karol Wojtyla | Sala general | 03/12/2013 | Compra | 151000000000000000032200 | 2 | 2 | 808.83872 COL | 30289 | 05/01/2026 | 29/03/2023 | 03/12/2013 | Libro |